Rodos dejiny malého ostrova

Bibliographic Details
Main Author: Kubálek, Martin (Author)
Format: Article
Language:Slovak
PhysicalDescription:Fotogr.
ISSN:1335-6550
Subjects:

MARC

LEADER 00000nab a2200000 a 4500
001 vtls000810747
003 SK-MaSNL
005 20260304121350.0
008 250429c2002 xo 0 slo
015 |a SNBRB2002/10-32956 
035 |a CLN000162402 
035 |a urn:nbn:sk:snk-ab1m53 
035 |a (urnnbn)urn:nbn:sk:snk:ar-004iy2 
035 |a (uuid)08428f46-e2b3-49b9-88e2-090e257021e9 
040 |a SNKBUCL  |b slo  |c SNKBUCL  |e AACR2 
041 0 |a slo 
044 |a xo  |c SK 
080 |a 949.96  |2 1997 
100 1 |a Kubálek, Martin  |4 aut  |9 602154 
245 1 0 |a Rodos  |b dejiny malého ostrova  |c Martin Kubálek 
300 |b Fotogr. 
651 7 |a Rodos (Grécko)  |x dejiny  |2 snkbucl  |9 1426198 
655 7 |a články z novín a časopisov  |2 snkbucl  |9 267496 
773 0 |t Historická revue  |g Roč. 13, č. 10 (2002), s. 28-29  |x 1335-6550 
850 |a Slovenská národná knižnica 
852 |a Slovenská národná knižnica 
954 |a odborná, vedecká literatúra pôvodná (slovenská)  |2 lita 
958 |a article27 
958 |a GR 
958 |a OND 
958 |a EUIPO 
992 |a RBX 
999 |c 2884739  |d 2886669